<?xml version="1.0" encoding="UTF-8"?>
<collection xmlns="http://www.loc.gov/MARC21/slim">
 <record>
  <leader>00914nab a2200217 i 4500</leader>
  <controlfield tag="001">acta41238</controlfield>
  <controlfield tag="005">20210928080318.0</controlfield>
  <controlfield tag="008">170731s2005    hu      o     0||   hun d</controlfield>
  <datafield tag="022" ind1=" " ind2=" ">
   <subfield code="a">0237-7934</subfield>
  </datafield>
  <datafield tag="040" ind1=" " ind2=" ">
   <subfield code="a">SZTE Egyetemi Kiadványok Repozitórium</subfield>
   <subfield code="b">hun</subfield>
  </datafield>
  <datafield tag="041" ind1=" " ind2=" ">
   <subfield code="a">hun</subfield>
  </datafield>
  <datafield tag="100" ind1="1" ind2=" ">
   <subfield code="a">Halmágyi Miklós</subfield>
  </datafield>
  <datafield tag="245" ind1="1" ind2="0">
   <subfield code="a">Egy uralkodó aki a &quot;végső időkben&quot; élt </subfield>
   <subfield code="h">[elektronikus dokumentum] :</subfield>
   <subfield code="b">Stefan Weinfurter : Heinrich II. : 1002-1024 : Herrscher am Ende der Zeiten /</subfield>
   <subfield code="c"> Halmágyi Miklós</subfield>
  </datafield>
  <datafield tag="260" ind1=" " ind2=" ">
   <subfield code="c">2005</subfield>
  </datafield>
  <datafield tag="300" ind1=" " ind2=" ">
   <subfield code="a">145-148</subfield>
  </datafield>
  <datafield tag="490" ind1="0" ind2=" ">
   <subfield code="a">Aetas</subfield>
   <subfield code="v">20 No. 4</subfield>
  </datafield>
  <datafield tag="650" ind1=" " ind2="4">
   <subfield code="a">Bölcsészettudományok</subfield>
  </datafield>
  <datafield tag="650" ind1=" " ind2="4">
   <subfield code="a">Történettudomány és régészet</subfield>
  </datafield>
  <datafield tag="695" ind1=" " ind2=" ">
   <subfield code="a">II. Szent Henrik - Német-római Birodalom - császár, Német-római Birodalom története - 11. sz. - életrajz - könyvismertetés</subfield>
  </datafield>
  <datafield tag="700" ind1="0" ind2="1">
   <subfield code="a">Weinfurter Stefan</subfield>
  </datafield>
  <datafield tag="856" ind1="4" ind2="0">
   <subfield code="u">http://acta.bibl.u-szeged.hu/41238/1/aetas_2005_004_145-148.pdf</subfield>
   <subfield code="z">Dokumentum-elérés </subfield>
  </datafield>
 </record>
</collection>
